000 01245nam a2200229Ia 4500
003 Ost
005 20260507075354.0
008 260507s9999||||xx |||||||||||||| ||und||
020 _a48022499579
040 _cfsecg
041 _aara
082 _a330
100 _aجمعة، أحمد حلمي
_eمؤلف
245 0 _aتدقيق البنوك والأدوات المالية المشتقة :
_bوفقا لأحدث البيانات الدولية لممارسة التدقيق /
_c أحمد حلمي جمعة
260 _aعمان:
_bدار صفاء للنشر والتوزيع,
_c2013
300 _a328 صفحة؛
_bإيضاحات ؛
_c24 سم
504 _aالملاحق ص.301؛ المراجع ص.323
520 _aالتخطيط لتدقيق البيانات المالية للبنوك- تحديد وتقييم مخاطر الأخطاء الجوهرية عند تدقيق البيانات المالية للبنوك- أدلة ونتائج تدقيق البيانات المالية للبنوك- العلاقة بين المدقيقين الخارجيين ومشرفي البنوك- تدقيق الأدوات المالية المشتقة
653 _aالبنوك
653 _aتدقيق الحسابات
942 _cكتاب
999 _c44177
_d44177